Programación en C (Record no. 142469)

MARC details
000 -LEADER
campo de control de longitud fija 00821nam a2200253 i 4500
001 - NÚMERO DE CONTROL
campo de control 142469
003 - IDENTIFICADOR DE NÚMERO DE CONTROL
campo de control ES-MaACL
007 - CAMPO FIJO DE DESCRIPCIÓN FÍSICA--INFORMACIÓN GENERAL
campo de control de longitud fija t|
008 - DATOS DE LONGITUD FIJA--INFORMACIÓN GENERAL
campo de control de longitud fija 071005s1985 sp ||||1| spa d
020 ## - NÚMERO INTERNACIONAL ESTÁNDAR DEL LIBRO
Número Internacional Estándar del Libro 84-7614-030-4
080 ## - NÚMERO DE LA CLASIFICACIÓN DECIMAL UNIVERSAL
Número de la Clasificación Decimal Universal 621-52
100 1# - ENTRADA PRINCIPAL--NOMBRE DE PERSONA
Nombre de persona Waite, Mitchell.
9 (RLIN) 115880
245 10 - MENCIÓN DEL TÍTULO
Título Programación en C
Resto del título : introducción y conceptos avanzados /
Mención de responsabilidad, etc. Mitchell Waite, Stephen Prata, Donald Martin ; [traducción de José Manuel Otón].
260 ## - PUBLICACIÓN, DISTRIBUCIÓN, ETC.
Lugar de publicación, distribución, etc. Madrid :
Nombre del editor, distribuidor, etc. Anaya,
Fecha de publicación, distribución, etc. [1985]
300 ## - DESCRIPCIÓN FÍSICA
Extensión 495 p. ;
Dimensiones 23 cm.
490 1# - MENCIÓN DE SERIE
Mención de serie Anaya multimedia
650 14 - PUNTO DE ACCESO ADICIONAL DE MATERIA--TÉRMINO DE MATERIA
Término de materia o nombre geográfico como elemento de entrada C (Lenguaje de programación)
9 (RLIN) 10651
700 1# - ENTRADA AGREGADA--NOMBRE PERSONAL
Nombre de persona Prata, Stephen.
9 (RLIN) 93681
700 1# - ENTRADA AGREGADA--NOMBRE PERSONAL
Nombre de persona Martin, Donald.
9 (RLIN) 77282
700 1# - ENTRADA AGREGADA--NOMBRE PERSONAL
Nombre de persona Otón, José Manuel.
9 (RLIN) 87932
830 0# - PUNTO DE ACCESO ADICIONAL DE SERIE-TÍTULO UNIFORME
Título uniforme Anaya multimedia
9 (RLIN) 220493
852 ## - LOCALIZACIÓN
Ubicación ES-MaACL
Número de control de estantería L-8955
Sublocalización o colección R.110461
Holdings
Estatus retirado Estado de pérdida Estado de daño No para préstamo Biblioteca de origen Biblioteca actual Ubicación en estantería Fecha de adquisición Fuente de adquisición Total de préstamos Signatura topográfica completa Código de barras Visto por última vez Precio de reemplazo Tipo de ítem Koha
        Biblioteca del Ateneo de Madrid Biblioteca del Ateneo de Madrid Depósito 2 17/01/2008     L-8955 1148239 23/02/2023 23/02/2023 Libro impreso